| 000 | 01330nam0a2200337 4500 | ||
|---|---|---|---|
| 001 | RU\NLR\BIBL_A\011510677 | ||
| 005 | 20241103071904.0 | ||
| 010 |
_a9785906815132 _91000 |
||
| 021 |
_aRU _b2017-75782 _95398 |
||
| 035 | _a(RuMoRGB)009414899 | ||
| 035 | _a(NLR Aleph) 011510677 | ||
| 090 |
_a12044556 _c12044556 |
||
| 100 | _a20171031d2018 u y0rusy50 ca | ||
| 101 | 1 |
_arus _cfre |
|
| 102 | _aRU | ||
| 105 | _ay z 000zy | ||
| 200 | 1 |
_aИзвращения: диалоги об актуальных безумствах _dPerversions: dialogues sur des folies "actuelles" _fДаниэль Сибони _g[перевод с французского Ирины Зверевой] _zfre |
|
| 210 |
_aМосква _cГородец _d2018 _d[т. е. 2017] |
||
| 215 |
_a385, [1] с. _d23 |
||
| 300 | _aАвт. также на фр. яз.: Daniel Sibony | ||
| 300 | _aФактическая дата выхода в свет - 2017 | ||
| 510 | 1 |
_6z45790 _aPerversions: dialogues sur des folies "actuelles" _zfre |
|
| 606 |
_aДевиантное поведение _92183036 _3RU\NLR\AUTH\6601549100 |
||
| 686 |
_aЮ959.79,0 _2rubbk |
||
| 686 | 1 | _aС550.8 | |
| 700 | 1 |
_aСибони _bД. _gДаниэль |
|
| 790 | 1 |
_6z45510 _aSibony _bD. _gDaniel |
|
| 942 | _cBOOK | ||
| 980 | _aNBR | ||